Rappeurs les plus écoutés en 2025 - Statistiques

Statistiques générales
  • Ce quiz a été pris 179 fois
  • Le résultat moyen est 25 sur 50
Statistiques - réponses
Réponse % Correct
Jul
93%
Ninho
91%
Booba
86%
Gims
84%
Damso
82%
Niska
79%
PNL
78%
PLK
77%
Kaaris
76%
SCH
74%
Werenoi
72%
SDM
71%
Tiakola
71%
Koba la D
68%
Gazo
66%
La mano 1.9
63%
Naps
63%
L2B
60%
Hamza
57%
Maes
57%
Zola
53%
Nekfeu
48%
Leto
47%
Alonzo
44%
Orelsan
43%
Vald
43%
La Fouine
42%
RK
38%
Djadja & Dinaz
37%
Josman
37%
Lacrim
37%
Bouss
36%
Heuss l'enfoiré
36%
Favé
35%
Guy2bezbar
35%
Dinos
33%
Naza
32%
Genezio
31%
Keblack
31%
R2
31%
Rim'K
31%
MHD
30%
Soolking
30%
Franglish
26%
Jok'air
26%
Niro
26%
Rsko
24%
Soprano
24%
Oboy
18%
Saïf
13%
Aucun quiz correspondant
Distribution des résultats
% des personnes avec chaque résultat
Percentile par nombre de réponses
Votre historique - résultats
Vous n’avez pas pris ce quiz